banner koha

Boas práticas de colheita e de pós-colheita: qualidade e aproveitamento do morango (Registro n. 298137)

MARC details
000 -LÍDER
campo de controle de tamanho fixo 01079nac a22003377a 4500
001 - NÚMERO DE CONTROLE
campo de controle BR2016004993
003 - IDENTIFICADOR DO NÚMERO DE CONTROLE
campo de controle BR-BrBNA
005 - DATA E HORÁRIO DA ÚLTIMA TRANSAÇÃO
campo de controle 20240105124039.0
008 - CAMPO DE DADOS FIXOS--INFORMAÇÃO GERAL
campo de controle de tamanho fixo 230509b bl.|||m| |||| 00| 0 por d
040 ## - FONTE DA CATALOGAÇÃO
Instituição da catalogação original BR-BrBNA
Idioma da catalogação por
Instituição que transcreveu o registro Biblioteca Nacional de Agricultura
041 ## - CÓDIGO DE IDIOMA
Código do idioma do texto/trilha sonora ou título diferente (En)
090 ## - NÚMERO DE CHAMADA LOCAL
Número de chamada 0960 BR2016004993
100 1# - ENTRADA PRINCIPAL--NOME PESSOAL
Nome pessoal Balbino, J.M. de S.
100 1# - ENTRADA PRINCIPAL--NOME PESSOAL
Nome pessoal Bremenkamp, C.A.
100 1# - ENTRADA PRINCIPAL--NOME PESSOAL
Nome pessoal costa, a.F. da
100 1# - ENTRADA PRINCIPAL--NOME PESSOAL
Nome pessoal Borges, V.A.J.
110 1# - ENTRADA PRINCIPAL--NOME CORPORATIVO
Nome corporativo ou nome da jurisdição Empresa Capixaba de Pesquisa Agropecuária, Vitória, ES (Brasil)
245 1# - TÍTULO
Título Boas práticas de colheita e de pós-colheita: qualidade e aproveitamento do morango
260 3# - PUBLICAÇÃO, DISTRIBUIÇÃO, ETC.
Local de publicação, distribuição, etc. Vitória, ES (Brasil):
Data da publicação, distribuição, etc. 2016.
300 ## - DESCRIÇÃO FÍSICA
Extensão 23 p.
490 ## - TÍTULO DA SÉRIE
Título da série Documentos - Empresa Capixaba de Pesquisa Agropecuária (Brazil)
Número do volume ou designação sequencial da série no. 241
ISSN - International Standard Serial Number ISSN 1519-2059
500 ## - NOTA GERAL
Nota geral 6 illus.
650 ## - ASSUNTO--TERMO TÓPICO
Cabeçalho tópico ou nome geográfico MORANGO
650 ## - ASSUNTO--TERMO TÓPICO
Cabeçalho tópico ou nome geográfico PÓS-COLHEITA
650 ## - ASSUNTO--TERMO TÓPICO
Cabeçalho tópico ou nome geográfico PRÁTICA CULTURAL
650 ## - ASSUNTO--TERMO TÓPICO
Cabeçalho tópico ou nome geográfico VALOR NUTRITIVO
650 ## - ASSUNTO--TERMO TÓPICO
Cabeçalho tópico ou nome geográfico PRODUÇÃO
650 ## - ASSUNTO--TERMO TÓPICO
Cabeçalho tópico ou nome geográfico ESPIRITO SANTO
909 ## -
-- 202312
-- Lúcia Elande
-- 55
-- Lúcia Elande
942 ## - ELEMENTOS DE ENTRADA ADICIONADOS (KOHA)
Fonte da classificação ou esquema de arquivamento na estante Classificação AGRIS
Ocultar no OPAC Não
Tipo de material Koha Monografia Seriada
Exemplares
Situação do descarte Fonte da classificação ou esquema de arquivamento na estante Situação física Não pode ser emprestado Coleção Biblioteca de origem Biblioteca atual Localização na estante Total de empréstimos Número de telefone completo Código de barras Data de último acesso Tipo de material Koha Fonte de aquisição
  Classificação AGRIS       Biblioteca Nacional de Agricultura - Binagri Biblioteca Nacional de Agricultura - Binagri Agrobase - Acervo Geral   0960 BR2016004993 0960 BR2016004993 18/12/2023 Monografia Seriada Portaria Interministerial nº 164/94

BINAGRI

Telefone: (61)3218-2567/2388/3357/2097 - binagri@agro.gov.br

Ministério da Agricultura e Pecuária , Esplanada dos Ministérios, Bloco D, Anexo B, Brasília/DF, CEP: 70.043-900